Normal view
MARC view
- BARR, A. E. DE
Entry Personal Name
001 - CONTROL NUMBER
- control field: 59014
003 - CONTROL NUMBER IDENTIFIER
- control field: NUST
005 - DATE AND TIME OF LATEST TRANSACTION
- control field: 20210628202242.0
008 - FIXED-LENGTH DATA ELEMENTS
- fixed length control field: 210628|| aca||aabn | a|a d
040 ## - CATALOGING SOURCE
- Original cataloging agency: NUST
- Transcribing agency: NUST
100 ## - HEADING--PERSONAL NAME
- Personal name: BARR, A. E. DE
670 ## - SOURCE DATA FOUND
- Source citation: Work cat.: (NUST): BARR, A. E. DE, AUTOMATIC CONTROL AN INTRODUCTION TO THE THEORY OF FEEDBACK AND FEEDBACK CONTROL SYSTEMS, 1962
